Estatísticas para Capitais da Europa

Clique aqui para jogar o quiz

Estatísticas Gerais

  • Esse quiz foi jogado 21 211 vezes
    (19 481 desde o último reset)
  • A pontuação média é 28 de 45

Estatísticas das Respostas

PaísCapital% Correto
FrançaParis
97%
AlemanhaBerlim
95%
EspanhaMadri
94%
ItáliaRoma
94%
PortugalLisboa
93%
Reino UnidoLondres
91%
GréciaAtenas
88%
RússiaMoscou
86%
VaticanoVaticano
83%
Países BaixosAmsterdã
80%
BélgicaBruxelas
80%
ÁustriaViena
79%
IrlandaDublin
78%
NoruegaOslo
78%
MônacoMonaco
76%
LuxemburgoLuxemburgo
71%
República ChecaPraga
69%
DinamarcaCopenhaga
68%
HungriaBudapeste
67%
UcrâniaKiev
66%
SuéciaEstocolmo
65%
BulgáriaSofia
64%
PolôniaVarsóvia
64%
SuíçaBerna
63%
San MarinoSan Marino
63%
FinlândiaHelsínque
60%
CroáciaZagreb
59%
RomêniaBucareste
54%
AndorraAndorra La Vella
52%
BielorrússiaMinsk
51%
AlbâniaTirana
49%
Bósnia e HerzegovinaSarajevo
48%
IslândiaReykjavík
44%
EstôniaTallinn
42%
SérviaBelgrado
42%
EslováquiaBratislava
41%
LetóniaRiga
40%
MaltaValeta
37%
EslovéniaLiubliana
36%
LituâniaVilnius
34%
LiechtensteinVaduz
33%
KosovoPristina
29%
Macedónia do NorteEscópia
26%
MontenegroPodgorica
25%
MoldáviaChișinău
25%

Distribuição das Pontuações

Percentil de Números Respondidos

Porcentagem de Pessoas com Cada Pontuação

Sua Pontuação Histórica

Você não jogou esse quiz desde o último reset